Technical Guidelines for Controlled Blasting (Record no. 5794)

MARC details
000 -LEADER
fixed length control field 00400nam a22001457a 4500
005 - DATE AND TIME OF LATEST TRANSACTION
control field 20260507130046.0
008 - FIXED-LENGTH DATA ELEMENTS--GENERAL INFORMATION
fixed length control field 190330b xxu||||| |||| 00| 0 eng d
041 ## - LANGUAGE CODE
Language code of text/sound track or separate title eng
082 ## - DEWEY DECIMAL CLASSIFICATION NUMBER
Classification number 622.23
100 ## - MAIN ENTRY--AUTHOR NAME
Personal name Roy.Piyush Pal,Sinha Amalendu
245 ## - TITLE STATEMENT
Title Technical Guidelines for Controlled Blasting
260 ## - PUBLICATION, DISTRIBUTION, ETC. (IMPRINT)
Place of publication Dhanbad
Name of publisher Central Institute of Mining & Fuel Research
300 ## - PHYSICAL DESCRIPTION
Number of Pages 51
942 ## - ADDED ENTRY ELEMENTS (KOHA)
Koha item type Books
Holdings
Lost status Damaged status Collection code Home library Current library Date acquired Source of acquisition Cost, normal purchase price Full call number Accession Number Koha item type Shelving location
    MINING JRU Library JRU Library 30/03/2019 Purchase 150.00 622.23 23057 Books  
    MINING JRU Library JRU Library 30/03/2019 Purchase 150.00 622.23 23058 Books SHELF-100-A
    MINING JRU Library JRU Library 30/03/2019 Purchase 150.00 622.23 23059 Books SHELF-100-A
    MINING JRU Library JRU Library 30/03/2019 Purchase 150.00 622.23 23060 Books  
    MINING JRU Library JRU Library 30/03/2019 Purchase 150.00 622.23 23061 Books SHELF-100-A